La nueva sociedad
Uloženo v:
| Hlavní autor: | |
|---|---|
| Médium: | Kniha |
| Jazyk: | španělština |
| Vydáno: |
Ciudad de México
Fondo de Cultura Económica
1969
|
| Vydání: | 1a. ed |
| Edice: | Breviarios del Fondo de Cultura Económica, 204
|
| Témata: | |
| Tagy: |
Přidat tag
Žádné tagy, Buďte první, kdo vytvoří štítek k tomuto záznamu!
|
MARC
| LEADER | 00000cam a2200000 a 4500 | ||
|---|---|---|---|
| 001 | UCX2208 | ||
| 003 | CL-VaPUC | ||
| 008 | 910403e19690000MX |||||||||||||||||spa|d | ||
| 082 | 0 | 4 | |a 301 |b CAR |2 21 |
| 100 | 0 | |a Carr, Edward Hallett |e author |9 318065 | |
| 245 | 1 | 3 | |a La nueva sociedad |
| 250 | |a 1a. ed | ||
| 300 | |a 163 p | ||
| 942 | |c BK | ||
| 945 | |d 19910403 00:00:00 | ||
| 260 | |a Ciudad de México |b Fondo de Cultura Económica |c 1969 | ||
| 650 | 0 | |a Movimientos sociales |9 315241 | |
| 650 | 0 | |a Sociología |9 255410 | |
| 583 | |a last modification |c 20150406 10:33:39 |k Rodrigo Vera | ||
| 490 | 0 | |a Breviarios del Fondo de Cultura Económica, 204 | |
| 999 | |c 223282 |d 223280 | ||
| 952 | |0 0 |1 0 |4 0 |6 301_000000000000000_CAR_1969 |7 0 |8 A |9 218904 |a BIBHIS |b BIBHIS |d 2019-11-15 |i 287704K |o 301 CAR 1969 |p 287704K |r 2025-01-20 |w 2019-11-15 |y BK |k HIS | ||
| 952 | |0 0 |1 0 |3 erd |4 0 |6 301_000000000000000_CAR_1969 |7 0 |8 A |9 218905 |a BIBHIS |b BIBHIS |i 5158842 |o 301 CAR 1969 |p 5158842 |r 2025-01-20 |w 2019-11-15 |y BK |z Catalogado en:20150409 |k HIS | ||